Click the Amphibians (Sudden Death) - Statistics

General Stats
  • This quiz has been taken 337 times
    109 since last reset
  • The average score is 5 of 9
Answers on the Grid
Answers color-coded by a green-red scale on the quiz's grid according to % correct below.
Anaconda
Axolotl
Caecilian
Caiman
Chameleon
Eel
Eft
Frog
Gecko
Gharial
Iguana
Jellyfish
Lizard
Mudpuppy
Newt
Platypus
Salamander
Slug
Starfish
Tadpole
Toad
Tortoise
Turtle
Worm
 
Answer Stats
Answer % Correct
Frog
85%
Axolotl
72%
Salamander
63%
Toad
59%
Tadpole
56%
Newt
53%
Mudpuppy
43%
Eft
33%
Caecilian
29%
No matching quizzes found
Score Distribution
Percent of People with Each Score
Percentile by Number Answered
Your Score History
You have not taken this quiz since the last reset